000 01124nam a2200325 i 4500
003 EG-GICUC
005 20260121101739.0
008 260119s1963 us d|||fr|||| 000 0 eng d
040 _aEG-GiCUC
_beng
_cEG-GiCUC
_dEG-GiCUC
_erda
041 _aeng
082 0 4 _221
_a341.3
_bLO . N
092 0 4 _221
099 _aLaw1 11 341.3 LO . N 1963
100 1 _a London, Kurt
_eeditor.
245 1 0 _aNew Nation In A Divided World :
_bThe International Relations Of The Afro-asian States /
_cEdited By Kurt London.
264 1 _a New York :
_bFrederick A. Praeger,
_c1963.
300 _a336 pages :
_btables,
_c24 cm
336 _2rda content
_atext
337 _2rda media
_aComputer
338 _2rda carrier
_aOnline Resource
500 _aPublished For The Institute For Sino-soviet Studies The George Washington University.
504 _aBibliography: pages 200-250.
546 _aText in English
650 1 4 _aInternational Relations
_2qrmak
650 1 4 _aPublic international law
651 1 _2qrmak
856 4 0 _uhttps://fll.law.cu.edu.eg/fulltext/bks/B11-07005.pdf
905 _a79
942 _2ddc
_cBK
_e21
_n0
999 _c57733
_d57733